000 01861nas a2200469 i 4500
001 193689
003 SpMaBN
005 20250217134940.0
007 ta
008 240206d1912191usp uu 0uuub0spa
016 7 _abiseBNE19940025333
_2SpMaBN
_zRECBI003365
022 0 _a2482-0784
_y9934-3304
035 _a00003365
035 _a(OCoLC)436470182
035 _abise0000002495
040 _aSpMaBN
_bspa
_cSIC
080 _a797.1:061.237(460)
130 0 _aAnuario (Federación Española de Clubs Náuticos)
_9235054
222 0 _aAnuario
_bFederación Española de Clubs Náuticos
245 1 0 _aAnuario /
_cFederación Española de Clubs Náuticos
246 1 4 _aAnuario de la F.E.C.N.
_f1914-
260 _a[Madrid] :
_bVdª A. Alvarez,
_c1912-1914
_f(Tip. Sociedad Editorial de España)
300 _a2 v. :
_bretr. ;
_c20 cm
336 _2rdacontent
_atexto
337 _2rdamedia
_asin mediación
338 _2rdacarrier
_avolumen
362 0 _aOct. 1912-
510 _aCPPBAM,
_c343
515 _aLa numeración comienza con: año 2 (1914)
599 _aRetrato de S.M. el Rey Don Alfonso XIII y S.M. la Reina Doña Victoria Eugenia en v.1 (1912) y v.2 (1914)
610 0 4 _aFederación Española de Clubs Náuticos
_2embne
_94101
650 7 _aNavegación deportiva
_9164738
655 7 _2tgfbne
_9226822
_aAnuarios
710 0 _aFederación Española de Clubs Náuticos
_94101
752 _aEspaña
_dMadrid
852 _aES-MaACL
_jD-4147
_9218
_bR.H.11
_cSVI
_dOlim: 165-B-13
_pv.1(1912)
_fSello en tinta en portada: "Ateneo de Madrid. Biblioteca"
852 _aES-MaACL
_jD-4148
_bR.H.11
_cSVI
_dOlim: 165-B-14
_pv.2 (1914)
_9201581
_fSello en tinta en anteportada: "Ateneo de Madrid. Biblioteca"
866 0 _o1912,1914
942 _2udc
_n0
_cPERIODICA
955 _bOrex Digital
999 _c193689
_d193689